[Event "Bucaramanga Santander-ch"]
[White "Sanabria Calderon, Santiago"]
[Black "Luzardo Lopez, Aranza Victoria"]
[Site "Bucaramanga"]
[Round "2"]
[Result "1-0"]
[Date "2024.10.30"]
[WhiteElo "1611"]
[BlackElo "1654"]
[PlyCount "67"]
[EventDate "2024.10.29"]
[EventType "swiss"]
[EventRounds "9"]
[EventCountry "COL"]
[SourceTitle "CB45_2024"]
[Source "ChessBase"]
[SourceDate "2024.11.06"]
[SourceVersion "1"]
[SourceVersionDate "2024.11.06"]
[SourceQuality "1"]

1. e4 d5 2. exd5 Qxd5 3. Nc3 Qa5 4. d4 c6 5. Bd3 Nf6 6. Bd2 Qb6 7. Nge2 Qxb2 8. Rb1 Qa3 9. 0-0 e6 10. Rb3 Qd6 11. Bf4 Qd8 12. Qd2 Nbd7 13. Rfb1 Be7 14. Ng3 h6 15. Nge4 Nxe4 16. Nxe4 Nf6 17. Be5 0-0 18. Qf4 Nh7 19. Nd6 Bxd6 20. Bxd6 Re8 21. Bxh7+ Kxh7 22. Qxf7 Rg8 23. Be5 Qf8 24. Qc7 Qd8 25. Qf7 Qf8 26. Rf3 Qxf7 27. Rxf7 Kg6 28. Re7 h5 29. Rb3 Kh6 30. f4 g6 31. Rg3 a5 32. Bf6 h4 33. Bg5+ Kh5 34. Rh7# 1-0

[Event "COL-ch Blitz"]
[White "Bejarano Urrego, Dany Andres"]
[Black "Sanabria Calderon, Santiago"]
[Site "Bucaramanga"]
[Round "4.16"]
[Result "0-1"]
[Date "2024.10.27"]
[WhiteElo "1948"]
[BlackElo "1654"]
[PlyCount "53"]
[EventDate "2024.10.27"]
[EventType "swiss (blitz)"]
[EventRounds "11"]
[EventCountry "COL"]
[SourceTitle "CB44_2024"]
[Source "Chessbase"]
[SourceDate "2024.10.30"]
[SourceVersion "1"]
[SourceVersionDate "2024.10.30"]
[SourceQuality "1"]

1. e4 e5 2. Nf3 Nc6 3. Bc4 Nf6 4. Ng5 d5 5. exd5 Na5 6. Bb5+ c6 7. dxc6 bxc6 8. Bd3 Ng4 9. h3 Qxg5 10. hxg4 Bxg4 11. Be2 Bxe2 12. Qxe2 Bd6 13. Qf3 Qe7 14. Nc3 Rc8 15. d3 c5 16. Be3 Nc6 17. Nd5 Qe6 18. 0-0-0 Nd4 19. Bxd4 cxd4 20. Rde1 Rc5 21. Nb4 Rb5 22. Qa8+ Rb8 23. Qc6+ Ke7 24. Nd5+ Kf8 25. f4 Rc8 26. Qb5 Rc5 27. Kd1 0-1

[Event "COL-ch Blitz"]
[White "Carreno Acevedo, Jhonatan Robert"]
[Black "Sanabria Calderon, Santiago"]
[Site "Bucaramanga"]
[Round "2.18"]
[Result "0-1"]
[Date "2024.10.27"]
[WhiteElo "1858"]
[BlackElo "1654"]
[PlyCount "91"]
[EventDate "2024.10.27"]
[EventType "swiss (blitz)"]
[EventRounds "11"]
[EventCountry "COL"]
[SourceTitle "CB44_2024"]
[Source "Chessbase"]
[SourceDate "2024.10.30"]
[SourceVersion "1"]
[SourceVersionDate "2024.10.30"]
[SourceQuality "1"]

1. e4 c5 2. Nf3 e6 3. c3 d5 4. exd5 Qxd5 5. d4 Nc6 6. Bd3 Nf6 7. 0-0 cxd4 8. cxd4 Bd6 9. Nc3 Qh5 10. h3 0-0 11. Be3 a6 12. Be2 Qa5 13. a3 b5 14. b4 Qc7 15. d5 exd5 16. Nxd5 Nxd5 17. Qxd5 Bb7 18. Bb6 Qxb6 19. Qxd6 Rad8 20. Qf4 Nd4 21. Nxd4 Rxd4 22. Qe3 Qf6 23. Rad1 Re4 24. Qf3 Qg6 25. Qg3 Qxg3 26. fxg3 Rxe2 27. Rf2 Rxf2 28. Kxf2 g6 29. Rd7 Bc6 30. Rc7 Bd5 31. Rd7 Be6 32. Ra7 Rc8 33. Rxa6 Rc3 34. g4 Bd5 35. Rd6 Rc2+ 36. Ke3 Bxg2 37. Rb6 Bf1 38. h4 Rc3+ 39. Kf4 Rxa3 40. Kg5 Rb3 41. Kh6 f5 42. Rb8+ Kf7 43. Rb7+ Ke6 44. gxf5+ Kxf5 45. Rxh7 Bc4 46. Re7 0-1

[Event "COL-ch Blitz"]
[White "Pineda Arevalo, Jose Ariel"]
[Black "Sanabria Calderon, Santiago"]
[Site "Bucaramanga"]
[Round "6.10"]
[Result "0-1"]
[Date "2024.10.27"]
[WhiteElo "1978"]
[BlackElo "1654"]
[PlyCount "102"]
[EventDate "2024.10.27"]
[EventType "swiss (blitz)"]
[EventRounds "11"]
[EventCountry "COL"]
[SourceTitle "CB44_2024"]
[Source "Chessbase"]
[SourceDate "2024.10.30"]
[SourceVersion "1"]
[SourceVersionDate "2024.10.30"]
[SourceQuality "1"]

1. e4 e5 2. Nf3 Nc6 3. Bb5 a6 4. Ba4 Nf6 5. 0-0 Be7 6. Re1 b5 7. Bb3 0-0 8. c3 d5 9. exd5 Nxd5 10. d4 exd4 11. cxd4 Bf6 12. Nc3 Nxc3 13. bxc3 Bb7 14. Bf4 Na5 15. Bc2 Nc4 16. Qd3 g6 17. Bh6 Re8 18. Rxe8+ Qxe8 19. h4 Bg7 20. Bxg7 Kxg7 21. h5 Qc6 22. a4 Re8 23. axb5 axb5 24. Re1 Rxe1+ 25. Nxe1 Qf6 26. Qg3 Qe6 27. Nf3 Qe2 28. Bb3 Bxf3 29. Qxf3 Qxf3 30. gxf3 Nd2 31. Bd5 Kh6 32. hxg6 hxg6 33. Kg2 Kg5 34. Bc6 Nb1 35. Bxb5 Nxc3 36. Bc4 f5 37. Kg3 Kf6 38. Kf4 g5+ 39. Ke3 Na4 40. f4 g4 41. Bb3 Nb6 42. Kd3 Ke7 43. Kc3 Kd6 44. Kd3 Nd5 45. Bxd5 Kxd5 46. Ke3 Kc4 47. d5 Kxd5 48. Kd3 c5 49. Ke3 c4 50. Kd2 Kd4 51. Ke2 Ke4 0-1

[Event "COL-ch Blitz"]
[White "Sanabria Calderon, Santiago"]
[Black "Bustos Acosta, Isauro"]
[Site "Bucaramanga"]
[Round "10.16"]
[Result "1/2-1/2"]
[Date "2024.10.27"]
[WhiteElo "1654"]
[BlackElo "1846"]
[PlyCount "30"]
[EventDate "2024.10.27"]
[EventType "swiss (blitz)"]
[EventRounds "11"]
[EventCountry "COL"]
[SourceTitle "CB44_2024"]
[Source "Chessbase"]
[SourceDate "2024.10.30"]
[SourceVersion "1"]
[SourceVersionDate "2024.10.30"]
[SourceQuality "1"]

1. e4 c5 2. Nc3 e6 3. f4 a6 4. Nf3 b5 5. g3 Bb7 6. d3 b4 7. Ne2 d5 8. e5 g6 9. Bg2 Bg7 10. c3 a5 11. d4 c4 12. Qa4+ Qd7 13. Qxd7+ Nxd7 14. Bd2 Bf8 15. a3 b3 1/2-1/2

[Event "COL-ch U14"]
[White "Soto Ramirez, Andres Camilo"]
[Black "Sanabria Calderon, Santiago"]
[Site "Barranquilla"]
[Round "4"]
[Result "1-0"]
[Date "2024.04.13"]
[WhiteElo "1777"]
[BlackElo "1640"]
[PlyCount "25"]
[EventDate "2024.04.11"]
[EventType "swiss"]
[EventRounds "7"]
[EventCountry "COL"]
[SourceTitle "CBM 219 Extra"]
[Source "ChessBase"]
[SourceDate "2024.05.31"]
[SourceVersion "1"]
[SourceVersionDate "2024.05.31"]
[SourceQuality "1"]

1. e4 e6 2. d4 d5 3. e5 c5 4. c3 Bd7 5. Nf3 a6 6. Bd3 Bb5 7. 0-0 Bxd3 8. Qxd3 Nc6 9. a3 c4 10. Qc2 Nge7 11. Re1 Nf5 12. Nbd2 Be7 13. Nf1 1-0

[Event "Bucaramanga Santander-ch"]
[White "Sanabria Calderon, Santiago"]
[Black "Sandoval, Cesar Leonardo"]
[Site "Bucaramanga"]
[Round "4"]
[Result "0-1"]
[Date "2024.03.09"]
[WhiteElo "1654"]
[BlackElo "1761"]
[PlyCount "78"]
[EventDate "2024.03.08"]
[EventType "swiss"]
[EventRounds "7"]
[EventCountry "COL"]
[SourceTitle "CBM 219 Extra"]
[Source "ChessBase"]
[SourceDate "2024.05.31"]
[SourceVersion "1"]
[SourceVersionDate "2024.05.31"]
[SourceQuality "1"]

1. c4 Nf6 2. d4 c6 3. Nc3 d5 4. cxd5 cxd5 5. Bg5 Nc6 6. Nf3 Bf5 7. Bxf6 exf6 8. Qb3 Bb4 9. e3 0-0 10. Bb5 Rc8 11. 0-0 Bxc3 12. Bxc6 Rxc6 13. bxc3 Qc7 14. Rac1 Bd3 15. Rfe1 Bc4 16. Qc2 Ra6 17. Ra1 Rc8 18. a4 Rc6 19. Rec1 Qa5 20. Ra3 Ba6 21. Qb2 Rc4 22. Qc2 b5 23. Nd2 Rxa4 24. Rxa4 bxa4 25. e4 dxe4 26. Nxe4 a3 27. Ra1 f5 28. Nc5 Bc4 29. Qxf5 Rb8 30. Qc2 a2 31. Nd3 Qb5 32. Nb4 Re8 33. Qc1 Re2 34. h3 a5 35. Nc2 Qb3 36. Ne3 Bd3 37. d5 Rb2 38. d6 Rb1 39. d7 Rxc1+ 0-1